ბათუმის შოთა რუსთაველის სახელმწიფო უნივერსიტეტის ბიბლიოთეკა

Williams Textbook of Endocrinology / (ბიბ.ჩანაწერი № 61817)

000 -LEADER
fixed length control field 00846nam a22002297a 4500
005 - DATE AND TIME OF LATEST TRANSACTION
control field 20240520095711.0
008 - FIXED-LENGTH DATA ELEMENTS--GENERAL INFORMATION
fixed length control field 240520s2008 enk||||| |||| 00| 0 eng d
020 ## - INTERNATIONAL STANDARD BOOK NUMBER
International Standard Book Number 9781416029113x
041 ## - LANGUAGE CODE
Language code of text/sound track or separate title eng
080 ## - UNIVERSAL DECIMAL CLASSIFICATION NUMBER
Universal Decimal Classification number 616.43 W-69
245 ## - TITLE STATEMENT
Title Williams Textbook of Endocrinology /
Statement of responsibility, etc. Henry M. Kronenberg, Shlomo Melmed, Kenneth S. Polonsky, P. Reed Larsen.
250 ## - EDITION STATEMENT
Edition statement 11th Edition
264 ## - PRODUCTION, PUBLICATION, DISTRIBUTION, MANUFACTURE, AND COPYRIGHT NOTICE
Place of production, publication, distribution, manufacture Pholadelphia:
Name of producer, publisher, distributor, manufacturer Saunders,
Date of production, publication, distribution, manufacture, or copyright notice 2008.
300 ## - PHYSICAL DESCRIPTION
Extent 1909 p.:
Other physical details ill.;
Dimensions 29 cm.
653 ## - INDEX TERM--UNCONTROLLED
keyword ენდოკრინოლოგია
653 ## - INDEX TERM--UNCONTROLLED
keyword მედიცინა
700 ## - ADDED ENTRY--PERSONAL NAME
Personal name Kronenberg, Henry M.
Relator term ავტორი
9 (RLIN) 22119
700 ## - ADDED ENTRY--PERSONAL NAME
Personal name Melmed, Shlomo
Relator term ავტორი
9 (RLIN) 8555
700 ## - ADDED ENTRY--PERSONAL NAME
Personal name Polonsky, Kenneth S.
Relator term ავტორი
9 (RLIN) 22120
700 ## - ADDED ENTRY--PERSONAL NAME
Personal name Larsen, P. Reed
Relator term ავტორი
9 (RLIN) 22121
942 ## - ADDED ENTRY ELEMENTS (KOHA)
Source of classification or shelving scheme
Koha item type წიგნი
ეგზემპლარები
Withdrawn status Lost status Source of classification or shelving scheme Damaged status Not for loan Permanent Location Current Location Shelving location Date acquired Cost, normal purchase price Full call number Barcode Date last seen Copy number Price effective from Koha item type Public note
          ბათუმის შოთა რუსთაველის სახელმწიფო უნივერსიტეტის მთავარი ბიბლიოთეკა ბათუმის შოთა რუსთაველის სახელმწიფო უნივერსიტეტის მთავარი ბიბლიოთეკა წიგნსაცავი 2024-05-20 315.00 616.43 W-69 67967 2024-05-20 67967 2024-05-20 წიგნი 315 ლ.